00666cam a22002051 4500001001300000003000400013005001700017008004100034010001700075035002000092040001800112042001200130050002200142100003100164245014000195260005200335300002500387500003100412999001700443sa 64006547 DLC20260227112040.0890913s1963 io 000 0 ind  asa 64006547  a(OCoLC)23536648 aDLCcMiUdDLC apremarc00aDS644.2 1963b.A61 aAbdulgani, Roeslan,d1914-10aAsia Tenggara dalam sinar apinja Hari Pahlawan Indonesia;csambutan tertulis Roeslan Abdulgani mengenai Hari Pahlawan 10 Nopember 1963. a[Djakarta]bDepartemen Peneranganc[cover 1963] a40 p.bport.c22 cm. a"Penerbitan chusus, 291A." c59762d59762